01152nam a2200253Ia 4500003000900000008004100009020001800050040001600068080001700084111012900101245026400230260004100494300001500535490003700550650001800587650002000605700002600625700002700651700002800678700003000706942000700736999001700743952013800760IN-BaIIA211028s9999 xx 000 0 eng d a4-946443-44-4 cIIA Library a524.354bNEU aInternational Conference on Neutron Stars and Pulsars Thirty Years After The DiscoverycTokyo, Japand1997 Nov. 17-20924007 0aNeutron stars and pulsarsbproceedings of the international conference on neutron stars and pulsars thirty years after the discovery, held in Tokyo, Japan, November 17-20, 1997cedited by N. Shibazaki…[et al.]  aTokyobUniversal Academy Pressc1998 axvi, 564p. aFrontiers science series; no. 24 aAstronomy980 aInternet919716 aKawai, N., ed.924008 aKifune, T., ed.924009 aShibata, S., ed.924010 aShibazaki, N., ed.924011 cBK c13661d13661 00104070aBANbBANcGENd2000-08-14eUNAP g12000.00l0o524.354/ NEUp14580r2021-11-05v12000.00w2000-08-14yBKGRs. 12000.00